Wasserreichste Flüsse in Bayern - Statistiken

Allgemein
  • Dieses Quiz wurde 310 mal gespielt
  • Das Durchschnittsergebnis liegt bei 8 aus 12
Antwortstatistiken
Ort - Wassermenge Fluss % Korrekt
Passau - 1490 m³/s Donau
99%
Passau - 738 m³/s Inn
97%
Plattling - 175 m³/s Isar
94%
Regensburg - 40 m³/s Regen
85%
Mündung in Fluss 1 - 115 m³/s Lech
84%
Kleinheubach - 164 m³/s Main
79%
Senden - 71 m³/s Iller
69%
Heitzenhofen - 50 m³/s Naab
50%
Bamberg - 51 m³/s Regnitz
49%
Burghausen - 251 m³/s Salzach
48%
Inkofen - 45 m³/s Amper
26%
Seebruck - 53 m³/s Alz
21%
Keine übereinstimmenden Quizze gefunden
Verteilung der Resultate
Anzahl Personen mit jedem Resultat
Perzentil nach korrekt beantworteten Fragen
Ihre Resultats-Entwicklung
Sie haben dieses Quiz noch nicht gespielt